Sätze aus der Mechanik, die den Herren Hörern der angewandten Mathematik /

Main Author: Vydra, Stanislav, 1741-1804
Other Authors: Berka, Jan, 1759-1838
Language: German
Published: Prag : mit Schriften der k.k. Normalschul-Buchdruckerey, 1795
Online Access: Digitalizovaný dokument (Exemplář z Národní knihovny ČR)
Physical Description: 118 stran, 3 číslované přílohy ; 4°
Book
Saved in:
LEADER 02383nam a2200517 i 4500
001 mzk03001265497
003 CZ BrMZK
005 20191209095545.0
007 ta
008 191010s1795 xr f fr|||||00| ||gerod
040 |a BOA001  |b cze  |e rda 
072 7 |a 531  |x Obecná mechanika. Mechanika pevných a tuhých těles  |2 Konspekt  |9 6 
072 7 |a 094  |x Staré tisky  |2 Konspekt  |9 12 
080 |a 531/534  |2 MRF 
080 |a 025.171  |2 MRF 
080 |a (0.068)094  |2 MRF 
100 1 |a Vydra, Stanislav,  |d 1741-1804  |7 jk01151137  |4 aut 
245 1 0 |a Sätze aus der Mechanik, die den Herren Hörern der angewandten Mathematik /  |c vorzutragen pflegt Stanislaus Wydra, k.k. Professor der reinen und angewandten Mathematik an der Universität zu Prag 
246 3 8 |a Wydra Mechan[ik] 
264 1 |a Prag :  |b mit Schriften der k.k. Normalschul-Buchdruckerey,  |c 1795 
300 |a 118 stran, 3 číslované přílohy ;  |c 4° 
336 |a text  |b txt  |2 rdacontent 
337 |a bez média  |b n  |2 rdamedia 
338 |a svazek  |b nc  |2 rdacarrier 
500 |a Výzdoba: Nad impresem linka a nad ní vyněta (vystřižena), vlys, iniciála, ozdobné linky, na konci 3 nečíslované složené mědirytinové tematické přílohy signované Jo. Berka sc. 
500 |a Rozsah: 118 s., [3] příl. 
500 |a Na titulním listu vystřižena část v oblasti viněty 
561 |a Provenience: [razítko] S.A.B. BRAUNAU 
561 |a Provenience: [razítko] SVK HK/ 4129 
563 |a Papírová vazba, lepenkové desky polepené šedým papírem, na hřbetu nápisový štítek se slepotiskovým názvem 
590 |a Vystřižena část na titulním listu 
650 7 |a mechanika  |7 ph115247  |2 czenas 
650 7 |a historické knihovní fondy  |7 ph172933  |2 czenas 
655 7 |a staré tisky  |7 fd422076  |2 czenas 
700 1 |a Berka, Jan,  |d 1759-1838  |7 js20050626017  |4 egr 
856 4 2 |u http://www.manuscriptorium.com/apps/index.php?direct=record&pid=NKCR__-NKCR__49_C_000034_2YV0QX1-cs  |y Digitalizovaný dokument  |z Exemplář z Národní knihovny ČR 
903 |a RP 
910 |a NAG950  |b B - XVIII. F. aa. 15,1 
978 |b Tiskárna normální školy  |a Praha  |c 1795 
982 0 |a Broumov - benediktinský klášter 
982 0 |a Hradec Králové - SVK 
984 |a Praha  |b Česko 
985 |a 1751-1800 
990 |a BK 
991 |k broumov 
980 |c 004399  |g B - XVIII. F. aa. 15,1  |1 458950004399